000 00363nam a2200157Ia 4500
100 _aMarcovitz/Alan B
650 _aComputers
942 _cBK
366 _f20
654 _alogic
245 _aIntroduction to Logic and computer design
260 _bTata Mc Graw hill Ltd.
_aMumbai
_c2008
082 _a621.395/MAR
_bMAR
300 _a671
546 _aENGLISH
999 _c31818
_d31818